000 00840nac a22002537a 4500
001 BR8401095
003 BR-BrBNA
005 20240105115934.0
008 230509b bl.|||m| |||| 00| 0 por d
040 _aBR-BrBNA
_bpor
_cBiblioteca Nacional de Agricultura
072 _aA00
090 _aA00 BR8401095
110 1 _aFundacao Universidade de Brasilia, DF (Brasil)
_95034
245 1 _aRelatorio geral de atividades 1983. Resumos de trabalhos [Bibliografia, Fundacao Universidade de Brasilia, Brasil]
_bv. 2
260 3 _aBrasilia, DF (Brasil):
_c1984.
300 _a454 p.
490 _aRelatorio - Fundacao Universidade de Brasilia (Brazil)
_v
_x
650 _aAGRICULTURA
650 _aUNIVERSIDADE
650 _aBIBLIOGRAFIA
650 _aBRASILIA
909 _a202312
_bLúcia Elande
_c55
_dLúcia Elande
942 _2AGRIS
_n0
_cMS
999 _c277167
_d277167